Oceania quiz - Statistics

General Stats
  • This quiz has been taken 18 times
  • The average score is 21 of 24
Answer Stats
Clue Letter Answer % Correct
1) Often referred to as theland "Down Under" A Australia
100%
20) Capital of Australia C Canberra
100%
13) Hindi is an official language in this island nation F Fiji
100%
5) Island nation spanning3 time zones and 32 atolls K Kiribati
100%
17) Koror is the largest city in this island nation P Palau
100%
11) Biggest city in Australia, originally a penalcolony for British prisoners S Sydney
100%
16) This island nation has 607 islands groupedinto 4 states F Federated States of Micronesia
94%
6) US territory in Micronesia,its capital is Hagatna G Guam
94%
2) Hawaiis biggest city H Honolulu
94%
3) Island the above is on O Oahu
94%
15) The vast, desert like area of central Australiais called the O Outback
94%
18) Its capital is Port Vila V Vanuatu
94%
23) This city is the most southern capital on Earth W Wellington
94%
7) Called Aotearoa in native Maori N New Zealand
88%
12) The capital of this island nation is Apia,and has an American counterpart S Samoa
88%
25) The battle of Guadalcanal took place in thisisland nation of over 1000 islands S Solomon Islands
88%
21) Hobart is the capital of this Australian territory T Tasmania
88%
14) This island is the least visited on Earth T Tuvalu
81%
4) Popular resort island in French Polynesia B Bora Bora
75%
8) Atoll in the North Pacific, considereda turning point in WW2 as the US fought the Japanese M Midway
75%
24) This dormant shield volcano is the highest peak in Hawaii M Mauna Kea
63%
10) Mutineers of the 1789 HMS Bounty settled onthis remote island P Pitcairn
63%
9) The imaginary boundary between one day andthe next in the middle of the Pacific I International Date Line
56%
19) Small autonomous island under New Zealand governance, known for its coral reefs and cliffs N Niue
38%
No matching quizzes found
Score Distribution
Percent of People with Each Score
Percentile by Number Answered
Your Score History
You have not taken this quiz